Antología del pintor Abelló / G.-C
Publicado:
San Jorge, núm. 94 (2n, 3r i 4t trimestre 1974), pàg 55 - 56 :
MARC
| LEADER | 00000nam a2200000Ia 4500 | ||
|---|---|---|---|
| 003 | BGR | ||
| 005 | 20260324175808.0 | ||
| 008 | 160829s9999 xx 000 0 cat d | ||
| 100 | |a C., G. |9 41617 | ||
| 245 | |a Antología del pintor Abelló / G.-C | ||
| 260 | |a San Jorge, núm. 94 (2n, 3r i 4t trimestre 1974), pàg 55 - 56 | ||
| 590 | |a Conté 4 fotografies en color | ||
| 600 | 1 | 0 | |a Abelló, Joan, |d 1922-2008 |x Exposicions |9 71846 |
| 610 | 1 | 0 | |a Biblioteca de Catalunya |9 52741 |
| 901 | |a Arxiu | ||
| 942 | |n 1 |2 udc |c MON | ||
| 952 | |0 0 |1 0 |4 0 |7 1 |9 50334 |a Arxiu |b Arxiu |d 2016-12-01 |l 0 |r 2016-12-01 00:00:00 |w 2016-12-01 |y ARXIU | ||
| 999 | |c 54176 |d 54176 | ||